| 000 | 00000nas##2200000za#4500 |
| 001 | 9.511635 |
| 003 | CaOODSP |
| 005 | 20200331212003 |
| 007 | ta |
| 008 | 150406c2009||||xxc|| p #||||f| |0fre|d |
| 020 | |z978-0-662-06900-3 |
| 022 | |a1920-2199 |
| 040 | |aCaOODSP|bfre |
| 041 | |aeng |
| 041 | |afre |
| 043 | |an-cn--- |
| 086 | 1 |aHS22-3 |
| 110 | 1 |aCanada.|bRessources humaines et Développement des compétences Canada. |bProgramme du travail. |
| 245 | 10|aBulletin focus travail |
| 260 | |aGatineau - Québec : |bRessources humaines et Développement des compétences Canada. |
| 300 | |aTexte français, ; |c28 cm. |
| 310 | |aTrimestriel |
| 362 | 1 |aVol. 1, n° 1, printemps 2009-- |
| 520 | 3 |aRegorge d’articles, d’annonces, de conseils et de faits, et offre de l’information sur les programmes, les politiques et les activités du Programme du travail. |
| 563 | |aCouverture souple |
| 776 | 0#|tLabour focus newsletter |w(CaOODSP)9.506616 |
| 776 | 0#|tBulletin focus travail.|w(CaOODSP)9.503010 |
| 791 | |tLabour focus newsletter |eeng|w(CaOODSP)9.511634 |